=LDR 00000nam 2200000 4500 =001 INLIS000000000047116 =005 20150813110641.0 =006 =007 =008 =020 ##$$a 978-979-15919-0-4 =035 ##$$0010-081500000000030 =040 ##$$a NPBDMAT =082 ##$$a 615.852 =090 ##$$a 615.852 $b Son p =100 ##$$a Sonny Sutrisna =245 ##$$a Power Of Soul Seorang Penyembuh / $c Sonny Sutrisna,SE =260 ##$$a Jakarta $b Power Of Soul, $c 2014 =300 ##$$a viii, 301 hln : $b ilus ; $c 20 cm =650 ##$$a I. Terapi Keagamaan